Приватизация отложена - забудем?; Нефть России; № 10

Detalhes bibliográficos
Parent link:Нефть России: аналитический журнал.— , 1996, 1999-2012
№ 10.— 2003.— С. 84-87
Autor principal: Дунаев А.
Idioma:russo
Publicado em: 2003
Colecção:Переработка
Assuntos:
Formato: Capítulo de Livro
KOHA link:https://koha.lib.tpu.ru/cgi-bin/koha/opac-detail.pl?biblionumber=388790

MARC

LEADER 00000naa2a2200000 4500
001 388790
005 20231101063805.0
035 |a (RuTPU)RU\TPU\prd\20289 
090 |a 388790 
100 |a 20031205a2003 k y0rusy50 ca 
101 0 |a rus 
102 |a RU 
200 1 |a Приватизация отложена - забудем?  |f А. Дунаев 
225 1 |a Переработка 
461 1 |0 (RuTPU)RU\TPU\prd\1610  |t Нефть России  |o аналитический журнал  |d 1996, 1999-2012 
463 1 |0 (RuTPU)RU\TPU\prd\19230  |t № 10  |v С. 84-87  |d 2003 
610 1 |a Гданьский НПЗ 
610 1 |a Польша 
610 1 |a госсобственность 
610 1 |a приватизация 
700 1 |a Дунаев  |b А. 
801 1 |a RU  |b 63413507  |c 20031205  |g PSBO 
801 2 |a RU  |b 63413507  |c 20130802  |g RCR 
942 |c BK